Normal forms and unfoldings for local dynamical systems

Αποθηκεύτηκε σε:
Λεπτομέρειες βιβλιογραφικής εγγραφής
Κύριος συγγραφέας: Murdock, James A.
Μορφή: Βιβλίο
Γλώσσα:English
Δημοσίευση: New York : Springer, c2003
Σειρά:Springer monographs in mathematics
Θέματα:
Ετικέτες: Προσθήκη ετικέτας
Δεν υπάρχουν, Καταχωρήστε ετικέτα πρώτοι!

MARC

LEADER 00000nam a2200000 i 4500
001 1/48352
008 070717s2003 eng d
020 |a 0-387-95464-3 
035 |l 10088891 
040 |a GR-MY-UA  |b gre  |e aacr 
041 0 |a eng 
082 0 |a 515.352  |2 (22) 
100 1 |a Murdock, James A. 
245 1 0 |a Normal forms and unfoldings for local dynamical systems /  |c James Murdock 
260 |a New York :   |b Springer,   |c c2003 
300 |a xix, 494 σ.;  |b εικ.;  |c 24 εκ. 
490 1 |a Springer monographs in mathematics 
500 |a Με 15 εικονογραφήσεις 
504 |a Περιέχει βιβλιογραφία (σ. [481]-487) και ευρετήριο 
650 0 0 |a Differentiable dynamical systems. 
650 0 0 |a Normal forms (Mathematics) 
830 0 |a Springer monographs in mathematics 
852 |a INST  |b LESVOS  |e 20070717  |h 515.352 MUR  |p 005100041388  |q 005100041388  |t BK  |y 4  |x 20200115 
901 |a BIBL1-2007-2 
909 |a Λ  |b 135730 
922 |a 1ΕΛΗ  |b 200706  |c ΕΠΕΑΕΚ2/ΤΕΘ  |d ΠΑΠΑΣΩΤΗΡΙΟΥ 
970 |a ΚΑΡΑ  |b ΓΙΑΣΕΜΗ  |z 2007/07/17